| 000 | 00702nam a2200253Ia 4500 | ||
|---|---|---|---|
| 003 | OSt | ||
| 005 | 20220926022931.0 | ||
| 006 | a|||||r|||| 00| 0 | ||
| 007 | ta | ||
| 008 | 220923b |||||||| |||| 00| 0 eng d | ||
| 037 | _cGeneral Book | ||
| 040 |
_aRTL _cRTL _beng |
||
| 041 |
_2eng _aeng |
||
| 082 | _aX:8:(S:44), L5;N3 | ||
| 100 |
_aMcguigan James R _9236059 |
||
| 245 | 0 | _aManagerial economies | |
| 250 | _a6th | ||
| 260 |
_aNew York _bWest Publicating _c1993 |
||
| 300 |
_axv, 647p. _ccm. |
||
| 500 | _aAppendix at the end | ||
| 700 | _a Moyer R Charles | ||
| 942 |
_hX:8:(S:44), L5;N3 _cGB _2CC |
||
| 999 |
_c640593 _d640593 |
||